|
|
แสดงรายละเอียดบรรณานุกรม |
|
|
Brief Record
: Get Marc (ISO 2709)
: E-mail record
: |
|
|
| LEADER 00000nam 2200000uu 4500 | |||
| 001 212237 | |||
| 003 ULIBM | |||
| 008 020711s2005 th a 000 0 eng d | |||
| 020 0071416544 | |||
| 041 ^aeng | |||
| 060 4 WO18.2 T353s 2005 | |||
| 100 Tevar, Amit D. | |||
| 245 Surgery review illustrated/^cAmit D. Tevar, Rafael E. Azuaje, Larry T. Micon | |||
| 260 New York :^bMcGraw-Hill,Medical Publishing Division,^c2005 | |||
| 300 xvii,1128 p.^bill | |||
| 650 4 Surgery^xExaminations, questions | |||
| 650 4 ^aSurgical procedures, operative^xExaminations, questions | |||
| 700 0 ^aAzuaje, Rafael E. | |||
| 700 0 ^aMicon, Larry T. | |||
| 999 ^aใช้งานได้ทุกระบบ | |||
| คุณยังไม่ได้ล็อกอิน คุณสามารถมีกิจกรรมร่วมกับเว็บไซต์ได้ แต่ต้องล็อกอินก่อน :: |
|
| สถานะ | |||||||||
| 1. | หนังสือทั่วไป | WO18.2 T353s 2005 c.1 | On Shelf ขอยืม | ||||||
| 2. | หนังสือทั่วไป | WO18.2 T353s 2005 c.2 | On Shelf ขอยืม | ||||||
| [แสดง 2/2 รายการ] | |||||||||
BibComment |
| คอมเมนท์ทรัพยากรรายการนี้ |
|
|